OPAC Home

United Nations:UNESCO : A legacy for all : The world's major Natural,Cultural Historic Sites (Record no. 111260)

MARC details
000 -LEADER
fixed length control field 00458nam a2200157Ia 4500
003 - CONTROL NUMBER IDENTIFIER
control field LK-CoDNM
008 - FIXED-LENGTH DATA ELEMENTS--GENERAL INFORMATION
fixed length control field 010623t1980 xxu||||| |||| 00| 1 eng d
040 ## - CATALOGING SOURCE
Original cataloging agency LK-CoDNM
Modifying agency LK-CoDNM
Description conventions LK-CoDNM
041 ## - LANGUAGE CODE
Language code of text/sound track or separate title English
080 ## - UNIVERSAL DECIMAL CLASSIFICATION NUMBER
Universal Decimal Classification number 930.26.502 UNI
942 ## - ADDED ENTRY ELEMENTS (KOHA)
Koha item type Books
245 ## - TITLE STATEMENT
Title United Nations:UNESCO : A legacy for all : The world's major Natural,Cultural Historic Sites
260 ## - PUBLICATION, DISTRIBUTION, ETC. (IMPRINT)
Name of publisher, distributor, etc. UNESCO
Place of publication, distribution, etc. Paris
Date of publication, distribution, etc. 1980
300 ## - PHYSICAL DESCRIPTION
Other physical details 137p,illus., 12*16 cm
650 ## - SUBJECT ADDED ENTRY--TOPICAL TERM
Topical term or geographic name as entry element Biography
Holdings
Withdrawn status Lost status Damaged status Not for loan Collection code Permanent Location Current Location Date acquired Full call number Barcode Koha item type
        Monographs Library National Museum Colombo - Sri Lanka Library National Museum Colombo - Sri Lanka 2023-08-02 930.26.502 UNI G 130800 Books
Copyright © 2023 Department of National Museum, Colombo 07, Sri Lanka Funded by UNESCO IFAP UNESCO